| 000 | 00842nam a22002777a 4500 | ||
|---|---|---|---|
| 003 | CHAP | ||
| 005 | 20220329134319.0 | ||
| 008 | 971013s1966 r 00010 d | ||
| 010 | _a18592 | ||
| 011 | _a19564 | ||
| 035 | _a23649 | ||
| 040 | _cCHAP | ||
| 082 |
_a632.95 _bA53 |
||
| 100 | 0 | 0 |
_aAlfaro Moreno, Agustin. _93914 |
| 245 | _aPlaguicidas agrícolas; formulario y guía de apliación | ||
| 260 |
_aMadrid : _bInstituto Nacional de Investigaciones Agronómicas, _c1966 |
||
| 300 |
_a238 p. _b: ilus |
||
| 500 | _aMutilado pp. 1-14 | ||
| 590 |
_aBATCH-UPD _b10 _c20130110 _lUCH01 _h0939 |
||
| 590 |
_aBATCH-UPD _b10 _c20130410 _lUCH01 _h0556 |
||
| 590 |
_aCONVERSION _b10 _c20130109 _lUCH01 _h1311 |
||
| 650 | 1 | 4 |
_aPesticidas. _987536 |
| 901 | _aBK | ||
| 942 | _cLIBRO | ||
| 949 |
_a632.95 A53 _bBC _cMUT _d-54927 _eMUT _h23192 _i23649 _mD _si |
||
| 999 |
_c18592 _d18592 |
||